MISSUS (Record n. 106058)

Dettagli MARC
000 -LEADER
fixed length control field 02453agaaa2200325 4500
001 - CONTROL NUMBER
control field 8754
003 - CONTROL NUMBER IDENTIFIER
control field IT-RoPAU
005 - DATE AND TIME OF LATEST TRANSACTION
control field 20220918181240.0
007 - PHYSICAL DESCRIPTION FIXED FIELD--GENERAL INFORMATION
fixed length control field d cvaizq
008 - FIXED-LENGTH DATA ELEMENTS--GENERAL INFORMATION
fixed length control field 50131s9999||||xx ||| | || ||und||
040 ## - CATALOGING SOURCE
Original cataloging agency IT-RoPAU
Transcribing agency IT-RoPAU
041 ## - LANGUAGE CODE
Language code of text/sound track or separate title ITALIANO
100 ## - MAIN ENTRY--PERSONAL NAME
Personal name Negrin Alberto
Miscellaneous information Codice regista SPICS: 1793
9 (RLIN) 44876
130 ## - MAIN ENTRY--UNIFORM TITLE
Uniform title MISSUS
9 (RLIN) 44877
245 ## - TITLE STATEMENT
Title MISSUS
Statement of responsibility, etc. Prodotto da: Giolitti Anna -- Sceneggiatura: Bernini Franco Pasquini Angelo Negrin Alberto -- Diretto da: Negrin Alberto
Name of part/section of a work MISSUS (Rif. Codice opera principale : C8754)
250 ## - EDITION STATEMENT
Edition statement Edizione Standard
260 ## - PUBLICATION, DISTRIBUTION, ETC. (IMPRINT)
Place of publication, distribution, etc. ROMA (ITALIA - FRANCIA)
Name of publisher, distributor, etc. RAI - RADIO TELEVISIONE ITALIANA / Distribuzione: RAIDUE
Date of manufacture "1995 (1° ed.: 1995 ; Ed. Lingua Orig.: 1995)"
300 ## - PHYSICAL DESCRIPTION
Extent VHS
Other physical details sonoro, col.
Dimensions 220 minuti
508 ## - CREATION/PRODUCTION CREDITS NOTE
Creation/production credits note "Fotografia: Nannuzzi Daniele; Montaggio: Siciliano Antonio; Musica: Morricone Ennio; Sceneggiatura: Bernini Franco Pasquini Angelo Negrin Alberto; Scenografia: Fiorentini Enrico; Soggetto: Bernini Franco -- Pasquini Angelo"
511 ## - PARTICIPANT OR PERFORMER NOTE
Participant or performer note "Glen Lain; Wilkening Catherine; Griem Helmut; Stankzak Wadeck; La; Vella Emidio"
520 ## - SUMMARY, ETC.
Summary, etc. AMBIENTATO NEL 1972: DON PIETRO SALVIATI E' A KIEV PER ANIMARE UNA RETE SEGRETA DI CATTOLICI. I RISCHI E LA SOLITUDINE LO GETTANO NELLE BRACCIA DI OLGA UNA GIOVANE CHE POI TRADISCE LUI E IL GRUPPO. ANNI DOPO DON PIETRO E' RIMANDATO IN URSS CON VERA UNA GIOVANE AL SOLDO DELLA CIA PER RINTRACCIARE LUCIFERO TEMIBILE AGENTE DEL KGB INFILTRATO IN VATICANO. CON DOLORE SCOPRE CHE LUCIFERO E' UN SUO AMICO FRATERNO DEI TEMPI DI KIEV. DON PIETRO SCONVOLTODAI FATTI LASCIA VERA CHE PER PROTEGGERLO RIMANE UCCISA. LUI INVECE SFUGGEALLA CACCIA MA E' RITROVATO DA OLGA. LEI E' SEMPRE AL SOLDO DEL KGB MA SEMBRA PENTITA. GLI RIVELA CHE DAL LORO AMORE LONTANO E' NATA UNA FIGLIA. I RUSSI INCARCERANO ENTRAMBI E LI TORTURANO MA DON PIETRO AMBITA MERCE DI SCAMBIO VIENE LIBERATO. ORA HA DUE OBIETTIVI: SVENTARE LA TRAMA DI LUCIFERO E RIABBRACCIARE OLGA E SUA FIGLIA.
538 ## - SYSTEM DETAILS NOTE
System details note PAL, STEREO
546 ## - LANGUAGE NOTE
Language note ITALIANO
650 ## - SUBJECT ADDED ENTRY--TOPICAL TERM
Topical term or geographic name as entry element DRAMMATICO
Relator term FILMS [VHS]
General subdivision Codice MATERIA SPICS: 9960
9 (RLIN) 34083
700 ## - ADDED ENTRY--PERSONAL NAME
Personal name Bernini Franco
Relator term (soggetto)
Miscellaneous information Codice Soggetto SPICS: 25342
9 (RLIN) 44878
700 ## - ADDED ENTRY--PERSONAL NAME
Personal name Morricone Ennio
Relator term (musica)
Miscellaneous information Codice Musica SPICS: 3535
9 (RLIN) 44879
700 ## - ADDED ENTRY--PERSONAL NAME
Personal name Negrin Alberto
Relator term (regista)
Miscellaneous information Codice regista SPICS: 1793
9 (RLIN) 44880
700 ## - ADDED ENTRY--PERSONAL NAME
Personal name Pasquini Angelo
Relator term (soggetto)
Miscellaneous information Codice Soggetto 2° SPICS: 36624
9 (RLIN) 44881
942 ## - ADDED ENTRY ELEMENTS (KOHA)
Koha item type VHS - VIDEO
Source of classification or shelving scheme Dewey Decimal Classification
Dati di copia
Withdrawn status Lost status Damaged status Not for loan Home library Current library Date acquired Total Checkouts Full call number Date last seen Price effective from Koha item type Public note
    Buone Condizioni Not For Loan SPICS-MEDIATECA SPICS-MEDIATECA 31/01/2015   C8754 31/01/2015 31/01/2015 VHS - VIDEO Progr. Ins.: 483 / N.Vol.:2 / Copie: 1 / Pag.:0 / Copia rara: n.d. / date import: 1.2.2015 / By Epidotti, Trombetti, Vaglietti
CREDITS: SOCIETA' SAN PAOLO Via A.Severo, 58 - ROMA (RM) & PERIODICI SAN PAOLO SRL Via Giotto, 36 MILANO & CISF Via Giotto, 36 MILANO & EDIZIONI SAN PAOLO SRL,  Piazza Soncino, 5 CINISELLO BALSAMO (MI) -- ITALY